000 00849nam a2200241Ia 4500
008 130821s2008 ag gr spa
020 _a9788493437442
020 _a9789875072794
040 _aCO-BoUCM
_bspa
_cAngélica Rojas (modificó)
_dNuevo
041 0 0 _aspa
100 1 _aDromi, Roberto José
_941654
245 1 0 _aActo administrativo
_cRoberto Dromi
250 _a4a ed
260 _aBuenos Aires (Argentina)
_bEdiciones Ciudad Argentina Hispano LIbros
_c2008
300 _a458 páginas
504 _aIncluye referencias bibliográficas
650 7 _aActos administrativos
_zArgentina
_9102918
650 7 _aDerecho administrativo
_912695
650 7 _aDerecho administrativo
_zArgentina
_9102512
690 _aDerecho Administrativo
_912695
942 _cLIBRO
_a8
_e4
_mD786a
_2DEWEY
_h342.066
999 _c65289
_d65289